Developing XML solutions (Record no. 176217)

000 -LEADER
fixed length control field 00355nam a2200145Ia 4500
008 - FIXED-LENGTH DATA ELEMENTS--GENERAL INFORMATION
fixed length control field 220217s9999||||xx |||||||||||||| ||und||
020 ## - INTERNATIONAL STANDARD BOOK NUMBER
International Standard Book Number 81-7853-014-7
082 ## - DEWEY DECIMAL CLASSIFICATION NUMBER
Classification number 004.67 STU
100 ## - MAIN ENTRY--PERSONAL NAME
Personal name Sturm, Jake
9 (RLIN) 5307
245 #0 - TITLE STATEMENT
Title Developing XML solutions
250 ## - EDITION STATEMENT
Edition statement W
260 ## - PUBLICATION, DISTRIBUTION, ETC.
Place of publication, distribution, etc. WP publishers
Name of publisher, distributor, etc. Wasington
Date of publication, distribution, etc. 2008
300 ## - PHYSICAL DESCRIPTION
Other physical details 575
650 ## - SUBJECT ADDED ENTRY--TOPICAL TERM
Topical term or geographic name entry element WWW
Holdings
Withdrawn status Lost status Damaged status Not for loan Collection code Home library Current library Shelving location Date acquired Full call number Barcode Date last seen Price effective from Koha item type
        Computer Science and Engineering Central Library Central Library Book Cart 02/18/2022 004.67 STU 11406 02/18/2022 02/18/2022 Books

Powered by Koha